[Event "SVK-chT2B 2223"]
[Site "Slovakia"]
[Date "2023.01.15"]
[Round "7.7"]
[White "Moravcik, Rastislav"]
[Black "Kuna, Patrik"]
[Result "1-0"]
[WhiteElo "1845"]
[BlackElo "1801"]
[PlyCount "129"]
[EventDate "2022.10.08"]
[EventType "team-tourn"]
[EventRounds "11"]
[EventCountry "SVK"]
[SourceTitle "EXT 2024"]
[Source "ChessBase"]
[SourceDate "2023.10.10"]
[SourceVersion "1"]
[SourceVersionDate "2023.10.10"]
[SourceQuality "1"]
[WhiteTeam "Topolcany II"]
[BlackTeam "Tlmace"]
[WhiteTeamCountry "SVK"]
[BlackTeamCountry "SVK"]

1. Nf3 c5 2. g3 Nc6 3. Bg2 Nf6 4. 0-0 d5 5. d3 Bf5 6. Nbd2 Qd7 7. Re1 0-0-0 8. c3 e5 9. Qa4 Bd6 10. e4 Bh3 11. Rb1 Bxg2 12. Kxg2 dxe4 13. dxe4 Bc7 14. b4 cxb4 15. cxb4 Kb8 16. Bb2 Nd4 17. Qxd7 Rxd7 18. Nxd4 exd4 19. f3 Rc8 20. Rbc1 Ne8 21. Rc4 Bb6 22. Rxc8+ Kxc8 23. Rc1+ Nc7 24. Nc4 Kd8 25. Nxb6 axb6 26. Kf2 Ne6 27. h4 Ke7 28. a4 Rd8 29. Ke2 Ra8 30. Ra1 f6 31. Kd3 Rc8 32. a5 b5 33. Rc1 Rd8 34. f4 Rd7 35. f5 Nd8 36. Rc5 Nc6 37. Rxb5 Ne5+ 38. Ke2 Nc4 39. Bxd4 Rxd4 40. Rxb7+ Rd7 41. a6 Kd8 42. a7 Nb6 43. Rxb6 Rxa7 44. Kf3 Kc7 45. Rb5 Kc6 46. Rc5+ Kd6 47. Rd5+ Ke7 48. Rd3 Rb7 49. Rb3 Rb5 50. Kf4 h6 51. Ke3 Kd6 52. Kd4 Kc6 53. Kc4 Re5 54. b5+ Kb6 55. Kd4 Rc5 56. g4 Rc1 57. g5 Rd1+ 58. Rd3 Rh1 59. gxf6 gxf6 60. Kd5 Rxh4 61. Re3 Kxb5 62. Ke6 Kc5 63. Kxf6 Rg4 64. e5 Rg8 65. Kf7 1-0

[Event "SVK-chT2B 2223"]
[Site "Slovakia"]
[Date "2022.11.27"]
[Round "6.7"]
[White "Kuna, Patrik"]
[Black "Huliak, Pavol"]
[Result "1-0"]
[WhiteElo "1850"]
[BlackElo "1776"]
[PlyCount "97"]
[EventDate "2022.10.08"]
[EventType "team-tourn"]
[EventRounds "11"]
[EventCountry "SVK"]
[SourceTitle "EXT 2024"]
[Source "ChessBase"]
[SourceDate "2023.10.10"]
[SourceVersion "1"]
[SourceVersionDate "2023.10.10"]
[SourceQuality "1"]
[WhiteTeam "Tlmace"]
[BlackTeam "Prievidza"]
[WhiteTeamCountry "SVK"]
[BlackTeamCountry "SVK"]

1. e4 d5 2. exd5 Qxd5 3. Nc3 Qa5 4. d4 c6 5. Bc4 Nf6 6. Bd2 Qc7 7. h3 Bf5 8. Nf3 e6 9. 0-0 Bd6 10. Bb3 Nbd7 11. Qe2 0-0 12. Nd1 Bg6 13. c4 c5 14. Bc3 Nh5 15. Ne3 Nf4 16. Qd2 Rad8 17. Bc2 Bh5 18. Ng5 Nf6 19. d5 Be5 20. Ne4 exd5 21. Nxf6+ gxf6 22. cxd5 Qd7 23. Bf5 Qa4 24. Rfe1 Bg6 25. Red1 Kh8 26. Bxe5 fxe5 27. Qe1 f6 28. d6 Qc6 29. Bxg6 hxg6 30. Qa5 Kg7 31. Qc7+ Rd7 32. Qxc6 bxc6 33. Kf1 Rb8 34. b3 Kf7 35. Rac1 Ne6 36. Rd3 Rbd8 37. Nc4 Nf4 38. Rd2 e4 39. Re1 f5 40. Ne5+ Ke6 41. Nxd7 Rxd7 42. f3 Ke5 43. Kf2 Nd5 44. fxe4 fxe4 45. Rde2 Kxd6 46. Rxe4 Rf7+ 47. Kg3 Ne7 48. Re6+ Kd7 49. Rxe7+ 1-0

[Event "SVK-chT U18"]
[Site "Radava"]
[Date "2022.11.22"]
[Round "3.3"]
[White "Paluska, Karol"]
[Black "Kuna, Patrik"]
[Result "1/2-1/2"]
[WhiteElo "1923"]
[BlackElo "1810"]
[PlyCount "34"]
[EventDate "2022.11.21"]
[EventType "team-swiss"]
[EventRounds "7"]
[EventCountry "SVK"]
[SourceTitle "CBM 211 Extra"]
[Source "ChessBase"]
[SourceDate "2023.01.31"]
[SourceVersion "1"]
[SourceVersionDate "2023.01.31"]
[SourceQuality "1"]
[WhiteTeam "Bratislava Doprastav"]
[BlackTeam "Nitra NSK"]
[WhiteTeamCountry "SVK"]
[BlackTeamCountry "SVK"]

1. d4 d5 2. c4 e6 3. Nc3 Nf6 4. Bg5 Nbd7 5. e3 c6 6. Nf3 Be7 7. Qc2 h6 8. Bh4 0-0 9. cxd5 exd5 10. Bd3 Re8 11. 0-0 Ne4 12. Bxe7 Qxe7 13. Bxe4 dxe4 14. Nd2 Nf6 15. Rab1 Bf5 16. b4 Nd5 17. Qb2 Rec8 1/2-1/2

[Event "Skalica op-A"]
[Site "Skalica"]
[Date "2022.08.24"]
[Round "5"]
[White "Rosol, Alexander"]
[Black "Kuna, Patrik"]
[Result "1-0"]
[WhiteElo "2021"]
[BlackElo "1860"]
[PlyCount "47"]
[EventDate "2022.08.20"]
[EventType "swiss"]
[EventRounds "9"]
[EventCountry "SVK"]
[SourceTitle "CBM 209 Extra"]
[Source "ChessBase"]
[SourceDate "2022.09.30"]
[SourceVersion "1"]
[SourceVersionDate "2022.09.30"]
[SourceQuality "1"]

1. e4 c5 2. Nf3 Nc6 3. d4 cxd4 4. Nxd4 g6 5. Nc3 Bg7 6. Be3 Nf6 7. Nxc6 bxc6 8. e5 Ng8 9. Bd4 Qa5 10. Bc4 Bxe5 11. 0-0 Nh6 12. Bxe5 Qxe5 13. Re1 Qc5 14. Ne4 Qb6 15. Nd6+ Kf8 16. Qd2 Ng8 17. Nxf7 d5 18. Nxh8 dxc4 19. Qf4+ Nf6 20. Qxc4 Nd5 21. Qh4 Nf6 22. Qh6+ Ke8 23. Qg7 Nd5 24. c4 1-0

[Event "Skalica op-A"]
[Site "Skalica"]
[Date "2022.08.23"]
[Round "4"]
[White "Kuna, Patrik"]
[Black "Reitz, Philipp"]
[Result "0-1"]
[WhiteElo "1860"]
[BlackElo "2031"]
[PlyCount "128"]
[EventDate "2022.08.20"]
[EventType "swiss"]
[EventRounds "9"]
[EventCountry "SVK"]
[SourceTitle "CBM 209 Extra"]
[Source "ChessBase"]
[SourceDate "2022.09.30"]
[SourceVersion "1"]
[SourceVersionDate "2022.09.30"]
[SourceQuality "1"]

1. e4 c5 2. Nf3 e6 3. c4 Nc6 4. Nc3 g5 5. d3 g4 6. Nd2 h5 7. Nb3 e5 8. Nd5 d6 9. Be2 Bh6 10. Bxh6 Rxh6 11. Qd2 Nce7 12. Nxe7 Qxe7 13. 0-0-0 Bd7 14. h3 Rg6 15. hxg4 hxg4 16. Na1 0-0-0 17. Nc2 Qf6 18. Rdf1 Ne7 19. f4 gxf3 20. Rxf3 Qg7 21. Rhf1 Be6 22. Ne3 Nc6 23. R3f2 Nd4 24. Bh5 Rg3 25. Bxf7 Bd7 26. Bd5 Qg5 27. Nf5 Bxf5 28. Qxg5 Rxg5 29. exf5 Rf8 30. f6 b5 31. b3 b4 32. Kd2 Rg3 33. f7 Kd7 34. Rh1 Ke7 35. Rh6 e4 36. Bxe4 Rxf7 37. Rxf7+ Kxf7 38. Rxd6 Ke7 39. Ra6 Ne6 40. Rxa7+ Kd6 41. Ra6+ Ke5 42. Rc6 Rg7 43. Bd5 Nf4 44. Be4 Ne6 45. Ke3 Rg3+ 46. Kf2 Rg7 47. g3 Ra7 48. Bd5 Rxa2+ 49. Ke3 Nd4 50. Bf3 Nxc6 51. Bxc6 Rb2 52. Ba4 Rb1 53. g4 Rh1 54. Bc6 Rh3+ 55. Bf3 Rg3 56. Kf2 Kf4 57. Be2 Rh3 58. Kg2 Rh8 59. Bf3 Rd8 60. Be4 Kxg4 61. Kf2 Kf4 62. Ke2 Rh8 63. Kf2 Rh6 64. Bd5 Ra6 0-1

[Event "Piestany Slovakia op-B"]
[Site "Piestany"]
[Date "2022.07.15"]
[Round "6"]
[White "Kuna, Patrik"]
[Black "Kapolkova, Greta"]
[Result "1-0"]
[WhiteElo "1883"]
[BlackElo "1727"]
[PlyCount "79"]
[EventDate "2022.07.11"]
[EventType "swiss"]
[EventRounds "9"]
[EventCountry "SVK"]
[SourceTitle "CBM 209 Extra"]
[Source "ChessBase"]
[SourceDate "2022.09.30"]
[SourceVersion "1"]
[SourceVersionDate "2022.09.30"]
[SourceQuality "1"]

1. b4 e5 2. Bb2 f6 3. e3 Nh6 4. a3 d5 5. d4 Bd6 6. c4 c6 7. Nc3 Be6 8. cxd5 cxd5 9. Nb5 Nf7 10. Nxd6+ Qxd6 11. Bb5+ Bd7 12. Be2 e4 13. f3 f5 14. Nh3 Nc6 15. 0-0 0-0 16. b5 Ncd8 17. a4 Qh6 18. Nf4 Be6 19. fxe4 fxe4 20. Bg4 g5 21. Nh5 Nh8 22. Ba3 Rxf1+ 23. Qxf1 Nhf7 24. Nf6+ Kg7 25. Be7 Bxg4 26. Nxg4 Qe6 27. Qf6+ Qxf6 28. Nxf6 Ne6 29. Nxd5 Rc8 30. Nf6 Rc3 31. d5 Nc5 32. Ng4 Rc4 33. d6 Nd7 34. Kf2 Rc2+ 35. Kf1 Rd2 36. Rc1 Nxd6 37. Rc7 Nf5 38. Bxg5 Kg6 39. Bf4 h5 40. Rxd7 1-0

[Event "SVK-ch U18"]
[Site "Stara Lubovna"]
[Date "2022.05.28"]
[Round "9"]
[White "Turcan, Richard"]
[Black "Kuna, Patrik"]
[Result "1-0"]
[WhiteElo "2278"]
[BlackElo "1811"]
[PlyCount "85"]
[EventDate "2022.05.21"]
[EventType "swiss"]
[EventRounds "9"]
[EventCountry "SVK"]
[SourceTitle "CBM 208 Extra"]
[Source "ChessBase"]
[SourceDate "2022.07.31"]
[SourceVersion "1"]
[SourceVersionDate "2022.07.31"]
[SourceQuality "1"]

1. e4 c5 2. Nf3 Nc6 3. d4 cxd4 4. Nxd4 g6 5. c4 Bg7 6. Be3 Nf6 7. Nc3 0-0 8. Be2 d6 9. 0-0 Bd7 10. Re1 Nxd4 11. Bxd4 Bc6 12. Bd3 a5 13. Qd2 Nd7 14. Bxg7 Kxg7 15. Re3 Nf6 16. Rd1 Qb6 17. Nd5 Bxd5 18. exd5 Rfe8 19. Rde1 Kf8 20. Rf3 Kg7 21. Bb1 Qc5 22. Qf4 Qc7 23. a4 Rac8 24. b3 Qd7 25. h3 Rf8 26. h4 Rc7 27. Qg5 Qg4 28. Qd2 b6 29. Bf5 Qh5 30. Qd4 Rb7 31. Bh3 Kg8 32. Qf4 Rc7 33. Rg3 Kg7 34. Rf3 Kg8 35. b4 axb4 36. Rb3 Ra7 37. Rxb4 Rb8 38. a5 Rba8 39. axb6 Ra1 40. Rbb1 R1a4 41. b7 Rb8 42. Rxe7 Kg7 43. Be6 1-0

[Event "SVK-ch U18"]
[Site "Stara Lubovna"]
[Date "2022.05.21"]
[Round "1"]
[White "Brnusak, Tomas"]
[Black "Kuna, Patrik"]
[Result "1-0"]
[WhiteElo "2212"]
[BlackElo "1811"]
[PlyCount "64"]
[EventDate "2022.05.21"]
[EventType "swiss"]
[EventRounds "9"]
[EventCountry "SVK"]
[SourceTitle "CBM 208 Extra"]
[Source "ChessBase"]
[SourceDate "2022.07.31"]
[SourceVersion "1"]
[SourceVersionDate "2022.07.31"]
[SourceQuality "1"]

1. e4 c5 2. Nf3 Nc6 3. d4 cxd4 4. Nxd4 g6 5. c4 Bg7 6. Be3 Nf6 7. Nc3 0-0 8. Be2 d6 9. 0-0 Bd7 10. h3 Nxd4 11. Bxd4 Bc6 12. Qc2 Nd7 13. Bxg7 Kxg7 14. Rad1 Qc7 15. b4 Nb6 16. e5 Rfd8 17. exd6 Rxd6 18. Rxd6 exd6 19. Rd1 Qe7 20. Qd2 Qe5 21. f4 Qe6 22. b5 Bd7 23. Qd4+ f6 24. Bg4 Qe7 25. Bxd7 Qxd7 26. c5 Nc8 27. Ne4 Qe6 28. cxd6 Nb6 29. Nc5 Qf7 30. Re1 Re8 31. Rxe8 Qxe8 32. d7 Qd8 1-0

[Event "SVK-ch U16 rapid"]
[Site "Nitra"]
[Date "2021.09.11"]
[Round "1"]
[White "Kuna, Patrik"]
[Black "Chlpek, Daniel"]
[Result "0-1"]
[WhiteElo "1519"]
[BlackElo "1991"]
[PlyCount "40"]
[EventDate "2021.09.11"]
[EventType "swiss (rapid)"]
[EventRounds "7"]
[EventCountry "SVK"]
[SourceTitle "EXT 2023"]
[Source "ChessBase"]
[SourceDate "2022.10.05"]
[SourceVersion "1"]
[SourceVersionDate "2022.10.05"]
[SourceQuality "1"]

1. e4 c5 2. Nf3 e6 3. d4 cxd4 4. Nxd4 Nc6 5. Nc3 Nf6 6. Be3 Bb4 7. f3 d5 8. exd5 Nxd5 9. Nxc6 bxc6 10. Bd4 0-0 11. Bc4 c5 12. Be5 Qh4+ 13. g3 Qxc4 14. Qd2 Bxc3 15. bxc3 f6 16. Bd6 Rd8 17. Bf4 Ba6 18. Kf2 Nxf4 19. Qxf4 Qe2+ 20. Kg1 Rd2 0-1

[Event "SVK-ch U16 rapid"]
[Site "Nitra"]
[Date "2021.09.11"]
[Round "3"]
[White "Rucek, Kristian"]
[Black "Kuna, Patrik"]
[Result "1-0"]
[WhiteElo "1848"]
[BlackElo "1519"]
[PlyCount "45"]
[EventDate "2021.09.11"]
[EventType "swiss (rapid)"]
[EventRounds "7"]
[EventCountry "SVK"]
[SourceTitle "EXT 2023"]
[Source "ChessBase"]
[SourceDate "2022.10.05"]
[SourceVersion "1"]
[SourceVersionDate "2022.10.05"]
[SourceQuality "1"]

1. d4 d5 2. Bf4 Nf6 3. e3 Bf5 4. c4 e6 5. Nc3 Be7 6. Qb3 b6 7. cxd5 exd5 8. Nb5 Bd6 9. Nxd6+ cxd6 10. Bb5+ Ke7 11. Ne2 a6 12. Qa3 Nh5 13. 0-0 Nxf4 14. Nxf4 Be6 15. Rac1 g5 16. Nxe6 fxe6 17. f4 gxf4 18. Rxf4 Nd7 19. Rcf1 Rf8 20. Bc6 Ra7 21. Qd3 Rxf4 22. Qxh7+ Ke8 23. Rxf4 1-0

[Event "Skalica op"]
[Site "Skalica"]
[Date "2021.08.28"]
[Round "8"]
[White "Poschadel, Andreas Gregor"]
[Black "Kuna, Patrik"]
[Result "1-0"]
[WhiteElo "1941"]
[BlackElo "1841"]
[PlyCount "69"]
[EventDate "2021.08.21"]
[EventType "swiss"]
[EventRounds "9"]
[EventCountry "SVK"]
[SourceTitle "CBM 204 Extra"]
[Source "ChessBase"]
[SourceDate "2021.11.30"]
[SourceVersion "1"]
[SourceVersionDate "2021.11.30"]
[SourceQuality "1"]

1. c4 e5 2. Nc3 Nc6 3. g3 Bc5 4. Bg2 f5 5. e3 Nf6 6. Nge2 e4 7. d3 exd3 8. Qxd3 d6 9. b3 Bd7 10. Bb2 0-0 11. Nf4 Ne5 12. Qc2 c6 13. 0-0 Qe8 14. a3 a5 15. Na4 Ba7 16. c5 d5 17. Bd4 Ng6 18. Qb2 Qf7 19. f3 Nxf4 20. exf4 Rae8 21. Qd2 Re6 22. Qxa5 Bb8 23. Rfe1 Rfe8 24. Kf2 Qe7 25. Bf1 Bc7 26. Rxe6 Bxe6 27. Qb4 Bd8 28. Re1 Qf7 29. Nb2 Bc8 30. Rxe8+ Nxe8 31. Nd3 Nc7 32. Be5 Bf6 33. Qa5 Bxe5 34. Nxe5 Ne6 35. Nxf7 1-0

[Event "Skalica op"]
[Site "Skalica"]
[Date "2021.08.23"]
[Round "3"]
[White "Bednar, Jan"]
[Black "Kuna, Patrik"]
[Result "1-0"]
[WhiteElo "2047"]
[BlackElo "1841"]
[PlyCount "61"]
[EventDate "2021.08.21"]
[EventType "swiss"]
[EventRounds "9"]
[EventCountry "SVK"]
[SourceTitle "CBM 204 Extra"]
[Source "ChessBase"]
[SourceDate "2021.11.30"]
[SourceVersion "1"]
[SourceVersionDate "2021.11.30"]
[SourceQuality "1"]

1. d4 d5 2. c4 e6 3. Nc3 Nf6 4. Bg5 Be7 5. e3 0-0 6. Nf3 b6 7. Rc1 Bb7 8. Bd3 Nbd7 9. 0-0 c5 10. cxd5 Nxd5 11. Bxe7 Nxe7 12. Ne4 Bxe4 13. Bxe4 Rc8 14. Bb1 cxd4 15. Qxd4 Nf6 16. Qh4 Qd7 17. Rcd1 Qb7 18. Qa4 Rfd8 19. Bd3 Qc7 20. h3 Ng6 21. Nd4 Ne5 22. Ba6 Ra8 23. Rc1 Qe7 24. f4 Ng6 25. Nc6 Qd7 26. Rfd1 Qe8 27. Bb7 b5 28. Qa6 Rxd1+ 29. Rxd1 Nd5 30. Bxa8 Qxa8 31. Qxb5 1-0

[Event "SVK-ch U16"]
[Site "Stara Lubovna"]
[Date "2021.07.02"]
[Round "8"]
[White "Salgovic, Simon"]
[Black "Kuna, Patrik"]
[Result "1-0"]
[WhiteElo "1932"]
[BlackElo "1891"]
[PlyCount "79"]
[EventDate "2021.06.26"]
[EventType "swiss"]
[EventRounds "9"]
[EventCountry "SVK"]
[SourceTitle "CBM 203 Extra"]
[Source "ChessBase"]
[SourceDate "2021.09.30"]
[SourceVersion "1"]
[SourceVersionDate "2021.09.30"]
[SourceQuality "1"]

1. e4 c5 2. Nf3 Nc6 3. d4 cxd4 4. Nxd4 g6 5. Nc3 Bg7 6. Be3 Nf6 7. Bc4 0-0 8. Bb3 d6 9. f3 Bd7 10. Qd2 Rc8 11. 0-0-0 Nxd4 12. Bxd4 b5 13. e5 dxe5 14. Bxe5 b4 15. Bxf6 Bxf6 16. Ne4 Bf5 17. Nxf6+ exf6 18. Qxb4 Qc7 19. Qd6 Qa5 20. Rd5 Qd8 21. Qxd8 Rfxd8 22. Rxd8+ Rxd8 23. Re1 Kf8 24. Rd1 Re8 25. Bc4 h5 26. Kd2 g5 27. Bd3 Be6 28. c4 f5 29. Re1 f4 30. Kc3 h4 31. h3 f6 32. Bg6 Re7 33. a3 f5 34. b4 g4 35. Re5 gxf3 36. gxf3 Kg7 37. Bxf5 Bxf5 38. Rxe7+ Kg6 39. Re2 Kg5 40. Re5 1-0

[Event "SVK-chT2B 1920"]
[Site "Slovakia"]
[Date "2019.10.26"]
[Round "1.8"]
[White "Kuna, Patrik"]
[Black "Moravcik, Rastislav"]
[Result "1/2-1/2"]
[WhiteElo "1732"]
[BlackElo "1925"]
[PlyCount "122"]
[EventDate "2019.10.26"]
[EventType "team-tourn"]
[EventRounds "11"]
[EventCountry "SVK"]
[SourceTitle "CBM 193 Extra"]
[Source "ChessBase"]
[SourceDate "2020.01.31"]
[SourceVersion "1"]
[SourceVersionDate "2020.01.31"]
[SourceQuality "1"]
[WhiteTeam "Tlmace"]
[BlackTeam "Topolcany"]
[WhiteTeamCountry "SVK"]
[BlackTeamCountry "SVK"]

1. e4 e6 2. d4 d5 3. Nd2 Nf6 4. e5 Nfd7 5. Bd3 c5 6. c3 Nc6 7. Ne2 cxd4 8. cxd4 f6 9. exf6 Nxf6 10. Nf3 Bd6 11. 0-0 Qc7 12. Nc3 a6 13. Re1 0-0 14. h3 Bd7 15. Bg5 Rae8 16. Rc1 Bf4 17. Bxf4 Qxf4 18. Bb1 Kh8 19. Ne2 Qd6 20. Ng3 e5 21. dxe5 Nxe5 22. Nxe5 Rxe5 23. Rxe5 Qxe5 24. Qe2 Qd6 25. Nh5 Bb5 26. Qf3 Ne4 27. Qg4 g6 28. Bxe4 gxh5 29. Qd1 Qe5 30. Bf3 Qxb2 31. Rc2 Qg7 32. Rd2 d4 33. Rxd4 h4 34. Rg4 Qf6 35. Qd4 Qxd4 36. Rxd4 Rf7 37. Rxh4 Kg7 38. Be4 h6 39. Rg4+ Kf8 40. g3 Be2 41. Rf4 Rxf4 42. gxf4 b5 43. Bd5 Bc4 44. Bxc4 bxc4 45. Kf1 Ke7 46. Ke2 Kf6 47. Kd2 Kf5 48. Kc3 Kxf4 49. Kxc4 Kf3 50. Kc5 Kxf2 51. Kb6 Kg3 52. Kxa6 Kxh3 53. Kb6 h5 54. a4 h4 55. a5 Kg2 56. a6 h3 57. a7 h2 58. a8Q+ Kg1 59. Qg8+ Kh1 60. Qd5+ Kg1 61. Qd4+ Kg2 1/2-1/2

[Event "EU-ch U14"]
[Site "Bratislava"]
[Date "2019.08.10"]
[Round "9"]
[White "Kuna, Patrik"]
[Black "Husa, Daniel"]
[Result "0-1"]
[WhiteElo "1662"]
[BlackElo "1819"]
[PlyCount "74"]
[EventDate "2019.08.02"]
[EventType "swiss"]
[EventRounds "9"]
[EventCountry "SVK"]
[SourceTitle "EXT 2020"]
[Source "ChessBase"]
[SourceDate "2019.10.17"]
[SourceVersion "1"]
[SourceVersionDate "2019.10.17"]
[SourceQuality "1"]

1. e4 c5 2. Nf3 e6 3. d4 cxd4 4. Nxd4 Nf6 5. Nc3 Nc6 6. Nxc6 bxc6 7. e5 Nd5 8. Ne4 Qc7 9. f4 Qb6 10. c4 Bb4+ 11. Bd2 Qe3+ 12. Be2 Bxd2+ 13. Qxd2 Qxe4 14. cxd5 Qxd5 15. Bf3 Qxd2+ 16. Kxd2 Ke7 17. Rhd1 Rd8 18. Rac1 Bb7 19. Ke2 d5 20. Rc5 f6 21. b4 Ba6+ 22. Ke3 Bb5 23. Kd4 a5 24. a3 axb4 25. axb4 Ra3 26. Rc3 Rxc3 27. Kxc3 Ra8 28. Kb2 Ra4 29. Kb3 c5 30. bxc5 Rxf4 31. exf6+ gxf6 32. Ra1 Kd7 33. Ra7+ Kc6 34. Rxh7 e5 35. h4 e4 36. Bd1 e3 37. Re7 Ba4+ 0-1